Central Library OPAC University of Rajshahi

রোকেয়া স্মারক বক্তৃতা মালা / (Record no. 74415)

MARC details
000 -LEADER
fixed length control field 01120nam a2200253 a 4500
001 - CONTROL NUMBER
control field 74415
003 - CONTROL NUMBER IDENTIFIER
rucl marc code BD-RjUL
005 - DATE AND TIME OF LATEST TRANSACTION
control field 20211209082541.0
008 - FIXED-LENGTH DATA ELEMENTS--GENERAL INFORMATION
fixed length control field 180917s2016 b a|||| b||| 000 0 b d
035 ## - SYSTEM CONTROL NUMBER
System control number (BD-RjUL)74633
040 ## - CATALOGING SOURCE
Original cataloging agency BD-RjUL
Language of cataloging eng
Transcribing agency BD-RjUL
041 ## - LANGUAGE CODE
Language code of text/sound track or separate title ben
082 ## - DEWEY DECIMAL CLASSIFICATION NUMBER
Edition number 23
Classification number 305.42095492
Author mark and year ROK 2016
245 ## - TITLE STATEMENT
Title রোকেয়া স্মারক বক্তৃতা মালা /
Statement of responsibility, etc. সম্পাদক ; সৈয়দা আতিকুন নাহার.---[ও অনান্য]
260 ## - PUBLICATION, DISTRIBUTION, ETC. (IMPRINT)
Place of publication, distribution, etc. ঢাকাবিশ্ববিদ্যালয় :
Name of publisher, distributor, etc. রোকেয়া হল ,
Date of publication, distribution, etc. ২০১৬
300 ## - PHYSICAL DESCRIPTION
Pagination ৩২৮ পৃ. :
Illustrations চিত্র ;
Size 22 সেমি
500 ## - GENERAL NOTE
General note ইনডেক্স সংযোজিত
600 ## - SUBJECT ADDED ENTRY--PERSONAL NAME
Personal name রোকেয়া, বেগম
Dates associated with a name ১৮৮০-১৯৩২
Personal name Rokeẏā, Begama,
Dates associated with a name 1880-1932
650 ## - SUBJECT ADDED ENTRY--TOPICAL TERM
Topical term or geographic name as entry element নারী অধিকারের সমর্থন
9 (RLIN) 222655
Topical term or geographic name as entry element Feminism
9 (RLIN) 222656
700 ## - ADDED ENTRY--PERSONAL NAME
Personal name আতিকুন নাহার, সৈয়দা
942 ## - ADDED ENTRY ELEMENTS (KOHA)
Source of classification or shelving scheme Dewey Decimal Classification
Koha item type Books
Holdings
Lost status Source of classification or shelving scheme Damaged status Not for loan Collection code Permanent Location Current Location Shelving location Date acquired Source of acquisition Cost, normal purchase price Total Checkouts Full call number Date last seen Copy number Koha item type
  Dewey Decimal Classification   Not For Loan Non-fiction Central Library, University of Rajshahi Central Library, University of Rajshahi Reading Room 14/03/2017 V.C. Office R.U. 500.00   B 305.42095492 ROK 2016 17/09/2018 C-1 Books